000 00762nam a2200169Ia 4500
008 090711s9999 xx 000 0 und d
082 _b895
100 _aजाधव रा. ग.
245 _aप्र. के. अत्रे साहित्यदृष्टी व साहित्यविSाार
260 _bप्रतिमा प्रकाशन
_c1997
300 _a190
600 _aजाधव रा. ग.
630 _aप्र. के. अत्रे साहित्यदृष्टी व साहित्यविSाार
700 _aजाधव रा. ग.
730 _aप्र. के. अत्रे साहित्यदृष्टी व साहित्यविSाार
942 _cBOOK
999 _c324402
_d324402